|
|
|
|
| LEADER |
01140nam a2200289 a 4500 |
| 001 |
277 |
| 003 |
BD-DhAAL |
| 005 |
20150319091727.0 |
| 008 |
150319s1994 cau b 101 0 eng |
| 010 |
|
|
|a 94009470
|
| 020 |
|
|
|a 0803954891
|
| 020 |
|
|
|a 0803954905 (pbk.)
|
| 040 |
|
|
|a DLC
|c DLC
|d DLC
|d BD-DhAAL
|
| 050 |
0 |
0 |
|a R853.I53
|b E96 1994
|
| 082 |
0 |
0 |
|a 362.1/072
|2 20
|
| 245 |
0 |
0 |
|a Exploring collaborative research in primary care /
|c edited by Benjamin F. Crabtree ... [et al.].
|
| 260 |
|
|
|a Thousand Oaks, Calif. :
|b Sage Publications,
|c c1994.
|
| 300 |
|
|
|a xiv, 326 p. ;
|c 23 cm.
|
| 500 |
|
|
|a Results from events prior, during, and following a conference.
|
| 504 |
|
|
|a Includes bibliographical references (p. 289-309) and index.
|
| 541 |
|
|
|e 277
|
| 650 |
|
0 |
|a Interdisciplinary research
|x Congresses.
|9 9847
|
| 650 |
|
0 |
|a Primary care (Medicine)
|x Research
|x Congresses.
|9 9848
|
| 700 |
1 |
|
|a Crabtree, Benjamin F.
|9 9849
|
| 942 |
|
|
|2 ddc
|c BK
|
| 999 |
|
|
|c 34095
|d 34095
|
| 952 |
|
|
|0 0
|1 0
|2 ddc
|4 0
|6 362_107200000000000_EXP
|7 0
|9 53208
|a SCL
|b SCL
|c GEN
|d 2015-03-19
|e Gift: The Asia Foundation
|l 0
|o 362.1072 EXP
|p 3020000277
|r 2015-03-19
|t 1
|w 2015-03-19
|y BK
|